000 00971nam a2200277Ia 4500
003 OSt
005 20221005092534.0
006 a|||||r|||| 00| 0
007 ta
008 221004b |||||||| |||| 00| 0 eng d
020 _a9781138596191 (hbk)
_cUKP 36.99
024 _a41296
037 _b1090005, 28/01/2019, Atlantic Publisher & Dist. Pvt Ltd.
_cTextual
040 _aCRL
_cCRL
_beng
041 _2eng
_aeng
082 _aW:(4,1), Q9
100 _aFeldman Ofer Ed.
_9617466
245 0 _aPsychology of political communicators
_b how politicians, culture, and the media construct and shape public discourse
260 _aNew York
_bRoutledge USA
_c2019
300 _axiv,237p.
_ccm.
650 _a POLITICAL SCIENCE
650 _aJOURNALISM
700 _a Zmerli Sonja Ed.
_9474972
942 _hW:(4,1), Q9
_cTEXL
_2cc
999 _c998999
_d998999